Vládny balíček ekonomických opatrení a súvisiace riziká

Kroky, ktoré chce vláda prijať s cieľom ozdravenia ekonomiky. Vypracovaný materiál "Zámery na riešenie makroekonomickej nerovnováhy a konkurencieschopnosti slovenskej ekonomiky".

Guardado en:
Detalles Bibliográficos
Autor principal: Jurzyca, Eugen
Formato: Capítulo de libro
Lenguaje:eslovaco
inglés
Materias:
Etiquetas: Agregar Etiqueta
Sin Etiquetas, Sea el primero en etiquetar este registro!

MARC

LEADER 00000naa a2200000 4500
001 r034308
005 20230426113109.6
041 0 |a slo 
041 0 |a eng 
044 |a SK 
245 1 0 |a Vládny balíček ekonomických opatrení a súvisiace riziká  |c Eugen Jurzyca 
520 |a Kroky, ktoré chce vláda prijať s cieľom ozdravenia ekonomiky. Vypracovaný materiál "Zámery na riešenie makroekonomickej nerovnováhy a konkurencieschopnosti slovenskej ekonomiky". 
610 2 0 |a situácia hospodárska 
610 2 0 |a hospodárstvo národné 
610 2 0 |a Slovensko 
610 2 0 |a opatrenia 
610 2 0 |a nerovnováha hospodárska 
610 2 0 |a riziko 
610 2 0 |a konkurencieschopnosť 
610 2 0 |a rozpočet štátny 
100 1 |a Jurzyca, Eugen